| 000 | 00371 a2200133 4500 | ||
|---|---|---|---|
| 001 | 154080 | ||
| 040 | _cEscola São Tomás de Aquino | ||
| 100 | _aANDRADE, Jeferson | ||
| 240 | 1 | 0 |
_aCrônicas selecionadas para algumas emoções _lpor |
| 245 | 1 | 0 | _aCrônicas selecionadas para algumas emoções |
| 362 | 0 | _a2009 | |
| 697 | _aCRÔNICA, CONTO, NOVELA,CARTAS | ||
| 942 | _cBK | ||
| 999 |
_c154080 _d154080 |
||